Click the Animal Adjective - Statistics

General Stats
  • This quiz has been taken 58,432 times
  • The average score is 12 of 20
Answer Stats
Hint Answer % Correct
Dog Canine
89%
Cat Feline
87%
Bird Avian
83%
Cow Bovine
79%
Horse Equine
79%
Fish Piscine
74%
Bear Ursine
68%
Wolf Lupine
65%
Pig Porcine
61%
Monkey Simian
61%
Bee Apiarian
58%
Wasp Vespine
52%
Fox Vulpine
49%
Sheep Ovine
48%
Rabbit Lapine
47%
Ant Formicine
44%
Goat Caprine
41%
Mouse Murine
41%
Deer Cervine
34%
Frog Ranine
30%
No matching quizzes found
Score Distribution
Percent of People with Each Score
Percentile by Number Answered
Your Score History
You have not taken this quiz